000 01067cam a2200217 4500
001 WB3712-06
008 000000n2001 000 0 eng u
035 _a(Sirsi) u111491
245 _aPrime contracting
260 _c2001
490 _aBuilding
_v266(8176) 16 March 2001, 11(1)
520 _aThe Office for Government Commerce has begun talks with Defence Estates regarding the dissemination of its experience of prime contracting, which is to become the primary method of procurement for public projects from 2002. The system will probably be used by the government for long-term maintenance and renovation deals whilst J Sainsbury, which has adopted prime contracting in a separate move, intends to use the route to develop long-term relationships with contractors for both new build and renovations and extensions.
590 _aWB
650 _aGOVERNMENT PROCUREMENT
650 _aPRIME CONTRACTING
650 _aProcurement-old
650 _aPUBLIC PROCUREMENT
650 _aREPAIRS AND MAINTENANCE
690 _aProcurement
_96260
942 _n0
999 _c66436
_d66436